000 02102nam a22002777a 4500
999 _c59929
_d59929
003 Ge_BSU
005 20230517170921.0
008 230517s2001 ge ||||| |||| 00| 0 geo d
020 _a9789941488467
041 _ageo
080 _a392(=353.1)(479.223) მ-36
245 _aმასალები აჭარის ყოფისა და კულტურის შესწავლისათვის :
_bტომი 2. მევენახეობა-მეღვინეობა- მეხილეობა /
_cრედაქტორები : როინ მალაყმაძე, ნოდარ კახიძე, ნაილა ჩელებაძე, ჯემალ ვარშალომიძე და სხვ.; ბათუმის შოთა რუსთაველის სახელმწიფო უნივერსიტეტი. ნიკო ბერძენიშვილის ინსტიტუტი.
264 _aბათუმი :
_bბსუ,
_c2021.
300 _a159 გვ. :
_bსურ. ;
_c24 სმ.
500 _aპარალ. სათ. ინგლ. და რუს ენ.
653 _aაჭარის ყოფა და კულტურა
653 _aმევენახეობა აჭარაში
653 _aმეღვინეობა აჭარაში
653 _aმეხილეობა აჭარაში
700 _aმალაყმაძე, როინ
_eრედაქტორი
_918101
700 _aკახიძე, ნოდარ
_eრედაქტორი
_918102
700 _aჩელებაძე, ნაილა
_eრედაქტორი
_918103
700 _aვარშალომიძე, ჯემალ და სხვ.
_eრედაქტორი
_918104
710 _aბათუმის შოთა რუსთაველის სახელმწიფო უნივერსიტეტი
_bნიკო ბერძენიშვილის ინსტიტუტი
_918105
942 _2udc
_cBK